000
00418nam a22001697a 4500
003
MPLRDC
005
20220104144524.0
008
210129b ||||| |||| 00| 0 eng d
082
_a
835 WCC-5
100
_a
世一编辑部
245
_a
新编古文观止
_c
250
_a
三版
260
_a
_b
世一文化事业
_c
1998
300
_b
精
650
_a
中国散文总集--古文观止
942
_c
BK
_o
835 WCC-5
999
_c
50435
_d
50425